[Event "4NCL Online Division 2"]
[Site "online"]
[Date "2020.06.02"]
[Round "9.53"]
[White "Harnett, Robert J"]
[Black "Davis, Holden"]
[Result "1-0"]
[WhiteElo "1900"]
[BlackElo "1982"]
[PlyCount "75"]
[EventDate "2020.06.02"]
[WhiteTeam "ChessPlus Beta"]
[BlackTeam "Maryport Assassins A"]

1. e4 e6 2. d3 d5 3. Nd2 Nf6 4. Ngf3 Be7 5. g3 Nc6 6. Bg2 dxe4 7. dxe4 e5 8. h3
O-O 9. O-O Bc5 10. Qe2 Qe7 11. c3 a5 12. Re1 Rd8 13. Nb3 Ba7 14. Be3 Bxe3 15.
Qxe3 a4 16. Nbd2 b6 17. Bf1 Bb7 18. b4 axb3 19. axb3 h6 20. b4 Qe6 21. g4 Ne7
22. Nh4 Rxa1 23. Rxa1 g5 24. Nhf3 Ng6 25. Ra7 Qc6 26. b5 Qd7 27. Rxb7 Nf4 28.
Nxe5 Qxd2 29. Qxd2 Rxd2 30. Rxc7 Nxe4 31. Nxf7 Nxf2 32. Nxh6+ Kf8 33. Nf5
N2xh3+ 34. Bxh3 Nxh3+ 35. Kf1 Rf2+ 36. Ke1 Rf4 37. Rc6 Rxg4 38. Rc8+ 1-0

[Event "4NCL Online Division 2"]
[Site "online"]
[Date "2020.06.02"]
[Round "9.54"]
[White "Fruchtenicht, Eggert"]
[Black "Imanovs, Elhans"]
[Result "0-1"]
[WhiteElo "1832"]
[BlackElo "1827"]
[PlyCount "88"]
[EventDate "2020.06.02"]
[WhiteTeam "Maryport Assassins A"]
[BlackTeam "ChessPlus Beta"]

1. e4 c5 2. d4 cxd4 3. c3 dxc3 4. Nxc3 a6 5. Bc4 Qc7 6. Qe2 e6 7. Nf3 Nc6 8. a3
Bd6 9. Bg5 Bf4 10. Nd5 exd5 11. exd5+ Nce7 12. Rd1 Bd6 13. O-O f6 14. Bh4 Nh6
15. Nd4 O-O 16. Ba2 Nhf5 17. Bg3 Nxg3 18. hxg3 Kh8 19. Rfe1 b5 20. Qh5 Be5 21.
Bb1 g6 22. Qh4 d6 23. Rc1 Qa7 24. Nc6 Nxc6 25. dxc6 Bf5 26. Bxf5 gxf5 27. c7
Rac8 28. Kf1 Rxc7 29. Rcd1 Rc2 30. Re3 Rfc8 31. Qh5 Rc1 32. Red3 Rxd1+ 33. Qxd1
Qc5 34. Rd5 Qc1 35. f4 Qxd1+ 36. Rxd1 Bxb2 37. Rxd6 Bxa3 38. Rxa6 Be7 39. Rb6
b4 40. Ke2 Kg7 41. Rb7 Kf7 42. Kd3 Rc3+ 43. Kd4 Rxg3 44. Kd5 Rxg2 0-1

[Event "4NCL Online Division 2"]
[Site "online"]
[Date "2020.06.02"]
[Round "9.61"]
[White "Saidmurodov, Shahjahon"]
[Black "Brady, Stephen"]
[Result "0-1"]
[WhiteElo "2132"]
[BlackElo "2287"]
[PlyCount "43"]
[EventDate "2020.06.02"]
[WhiteTeam "CSC 1"]
[BlackTeam "St Benildus A"]

1. e4 d6 2. d4 Nf6 3. Nc3 g6 4. Bc4 Bg7 5. Qe2 Nc6 6. e5 Ng4 7. e6 f5 8. Be3
Nxd4 9. Bxd4 Bxd4 10. O-O-O Bxc3 11. bxc3 c6 12. Nf3 Qa5 13. h3 Nf6 14. Ng5
Qxc3 15. Kb1 d5 16. Nf7 Rf8 17. Bb3 Ne4 18. f3 Qxb3+ 19. axb3 Nc3+ 20. Kb2 Nxe2
21. Ng5 Nf4 22. Rde1 0-1

[Event "4NCL Online Division 2"]
[Site "online"]
[Date "2020.06.02"]
[Round "9.62"]
[White "Ryan, Joseph"]
[Black "Frostick, Clive A"]
[Result "1/2-1/2"]
[WhiteElo "2271"]
[BlackElo "2108"]
[PlyCount "87"]
[EventDate "2020.06.02"]
[WhiteTeam "St Benildus A"]
[BlackTeam "CSC 1"]

1. e4 c5 2. Nf3 e6 3. Nc3 Nc6 4. Bb5 Nge7 5. O-O a6 6. Bxc6 Nxc6 7. d4 cxd4 8.
Nxd4 Qc7 9. Re1 Nxd4 10. Qxd4 f6 11. Be3 b5 12. a3 Bb7 13. Rad1 Rc8 14. Qd2 Be7
15. Bf4 Qc6 16. Nd5 Bc5 17. Nb4 Bxb4 18. axb4 e5 19. Be3 d6 20. f3 Ke7 21. c3
Rhd8 22. Qf2 Kf7 23. Rd2 d5 24. Bb6 Rd6 25. Bc5 Rd7 26. Red1 Qe6 27. Rd3 Bc6
28. Qh4 Kg8 29. exd5 Rxd5 30. Rxd5 Bxd5 31. Qf2 Rc7 32. Rd2 Rd7 33. Qe3 Bc6 34.
h3 Rxd2 35. Qxd2 Qd5 36. Qf2 e4 37. f4 h6 38. Qd4 Qxd4+ 39. Bxd4 Kf7 40. g4 g6
41. Kf2 Ke6 42. Ke3 f5 43. g5 h5 44. Bb6 1/2-1/2

[Event "4NCL Online Division 2"]
[Site "online"]
[Date "2020.06.02"]
[Round "9.63"]
[White "Hasson, Peter"]
[Black "Venkatesan, Kavin"]
[Result "0-1"]
[WhiteElo "2095"]
[BlackElo "1971"]
[PlyCount "72"]
[EventDate "2020.06.02"]
[WhiteTeam "CSC 1"]
[BlackTeam "St Benildus A"]

1. Nf3 Nf6 2. g3 e6 3. Bg2 b6 4. c4 Bb7 5. O-O Be7 6. b3 O-O 7. Bb2 d5 8. Nc3
c5 9. cxd5 exd5 10. d4 Nc6 11. Rc1 Rc8 12. dxc5 bxc5 13. Ne1 d4 14. Na4 Na5 15.
Bxb7 Nxb7 16. Nd3 Qd7 17. Kg2 c4 18. bxc4 Rfd8 19. Qb3 Na5 20. Qb5 Qc7 21. c5
Rb8 22. Qa6 Nc6 23. Ba3 Nd5 24. Rb1 Bf6 25. Rxb8 Rxb8 26. Qc4 Qd7 27. Bc1 h5
28. Bf4 Nxf4+ 29. Nxf4 Rb4 30. Qc2 d3 31. Nxd3 Nd4 32. Qd1 Rxa4 33. e3 Qc6+ 34.
f3 Rxa2+ 35. Rf2 Nf5 36. Rxa2 Nxe3+ 0-1

[Event "4NCL Online Division 2"]
[Site "online"]
[Date "2020.06.02"]
[Round "9.64"]
[White "McHugh, Kevin"]
[Black "Garwood, Colin"]
[Result "1/2-1/2"]
[WhiteElo "2013"]
[BlackElo "2140"]
[PlyCount "127"]
[EventDate "2020.06.02"]
[WhiteTeam "St Benildus A"]
[BlackTeam "CSC 1"]

1. e4 e5 2. Nf3 Nc6 3. Bb5 a6 4. Ba4 Nf6 5. O-O Be7 6. Re1 b5 7. Bb3 d6 8. c3
O-O 9. h3 Nb8 10. d4 Nbd7 11. a4 Bb7 12. Nbd2 c5 13. dxe5 dxe5 14. Bc2 Qc7 15.
Nf1 Nb6 16. axb5 axb5 17. Rxa8 Rxa8 18. Qe2 c4 19. Ng3 g6 20. Bg5 Ne8 21. Bxe7
Qxe7 22. Rd1 Nd7 23. Qd2 Nc5 24. Bb1 f6 25. Ne1 Bc6 26. f3 Ne6 27. Qe3 Rd8 28.
Rd2 Rxd2 29. Qxd2 Qd7 30. Qxd7 Bxd7 31. Nc2 Nc5 32. Ne3 Na4 33. Nd1 Nc7 34. Kf2
Kf7 35. Nf1 Bc6 36. Nfe3 Ke7 37. Ke2 Ne6 38. g3 Nec5 39. Bc2 Nb6 40. Nf2 Ke6
41. Nfd1 Bd7 42. h4 Bc6 43. Nf2 Nc8 44. Nfd1 Nd6 45. g4 Kf7 46. Nf2 Ne6 47. Ng2
g5 48. h5 h6 49. Kd2 Bd7 50. Ke3 Nb7 51. Kd2 Nbc5 52. Ke3 Nf4 53. Nxf4 gxf4+
54. Kd2 Ne6 55. Ke2 Ke7 56. Kd2 Kd6 57. Ke2 Ng5 58. Bd1 Kc5 59. Kd2 Bc6 60. Be2
Bd7 61. Kc2 Bc6 62. Kd2 Bd7 63. Kc2 Bc6 64. Kd2 1/2-1/2

[Event "4NCL Online Division 2"]
[Site "online"]
[Date "2020.06.02"]
[Round "9.71"]
[White "Haynes, Josiah"]
[Black "Taylor, Adam C"]
[Result "0-1"]
[WhiteElo "2072"]
[BlackElo "2347"]
[PlyCount "76"]
[EventDate "2020.06.02"]
[WhiteTeam "Exeter Honey Badgers"]
[BlackTeam "Wood Green Youth"]

1. d4 Nf6 2. c4 c5 3. d5 b5 4. Nf3 g6 5. Qc2 Na6 6. a3 d6 7. e4 Bg7 8. cxb5 Nc7
9. Nc3 O-O 10. Bg5 a6 11. bxa6 h6 12. Bh4 Nh5 13. Bc4 f5 14. e5 g5 15. e6 gxh4
16. Nxh4 Bxa6 17. Bxa6 Rxa6 18. O-O Bxc3 19. bxc3 Ng7 20. Rfd1 Qe8 21. g3 Qh5
22. Rab1 Rxa3 23. c4 Ra7 24. Rd3 Na6 25. Ra3 Nb4 26. Qc3 Rxa3 27. Qxa3 f4 28.
Qc3 Nf5 29. Nxf5 Qxf5 30. Rf1 f3 31. Kh1 Qh3 32. Rg1 Rf5 33. g4 Rg5 34. Qe1
Rxg4 35. Rxg4+ Qxg4 36. Qf1 Nd3 37. h3 Qg5 38. Kh2 Nf4 0-1

[Event "4NCL Online Division 2"]
[Site "online"]
[Date "2020.06.02"]
[Round "9.72"]
[White "De Verdier, Michael"]
[Black "Paulden, Tim"]
[Result "1-0"]
[WhiteElo "2302"]
[BlackElo "2057"]
[PlyCount "141"]
[EventDate "2020.06.02"]
[WhiteTeam "Wood Green Youth"]
[BlackTeam "Exeter Honey Badgers"]

1. d4 g6 2. Nf3 Bg7 3. g3 d6 4. Bg2 Nd7 5. O-O e5 6. dxe5 dxe5 7. Nc3 Ne7 8.
Qd3 O-O 9. Rd1 Nc6 10. Bg5 f6 11. Qc4+ Kh8 12. Be3 Qe7 13. Nd5 Qf7 14. Qa4 Nb6
15. Bxb6 cxb6 16. Nxb6 Rb8 17. Nxc8 Rbxc8 18. c3 Rfd8 19. Nd2 f5 20. Bxc6 Rxc6
21. Nc4 Rf8 22. Nd6 Qe7 23. Qa3 Bf6 24. Nb5 a6 25. Rd7 Qe8 26. Nc7 Qc8 27. Nd5
Bg7 28. Qe7 Rg8 29. Rxb7 Qe6 30. Rd1 Rd6 31. Qxe6 Rxe6 32. Ne7 Re8 33. Rdd7 Bf8
34. Nd5 Rd6 35. Rxd6 Bxd6 36. Rxh7+ Kxh7 37. Nf6+ Kh8 38. Nxe8 Bb8 39. e4 Kg8
40. Nf6+ Kf7 41. Nd7 Bd6 42. exf5 gxf5 43. Kf1 Ke6 44. Nb6 f4 45. gxf4 exf4 46.
Ke2 f3+ 47. Kxf3 Bxh2 48. Ke4 Bg1 49. Ke3 Ke5 50. Nc4+ Kd5 51. Nd2 Bh2 52. b4
Bd6 53. Kd3 Bf8 54. Ne4 Be7 55. a4 Bf8 56. a5 Be7 57. Nc5 Bh4 58. f3 Kc6 59.
Nxa6 Bd8 60. Kc4 Bf6 61. b5+ Kb7 62. Nb4 Bd8 63. Nc6 Bf6 64. f4 Bh4 65. f5 Bf6
66. Nb4 Bd8 67. a6+ Kb6 68. Nd5+ Ka7 69. f6 Ka8 70. f7 Ka7 71. f8=Q 1-0

[Event "4NCL Online Division 2"]
[Site "online"]
[Date "2020.06.02"]
[Round "9.73"]
[White "Thorpe, Thomas"]
[Black "Toma, Katarzyna"]
[Result "1-0"]
[WhiteElo "2027"]
[BlackElo "2289"]
[PlyCount "57"]
[EventDate "2020.06.02"]
[WhiteTeam "Exeter Honey Badgers"]
[BlackTeam "Wood Green Youth"]

1. e4 c5 2. Nf3 Nc6 3. d4 cxd4 4. Nxd4 g6 5. Nc3 Bg7 6. Be3 Nf6 7. Bc4 Qa5 8.
O-O O-O 9. Nb3 Qc7 10. Be2 a6 11. f4 d6 12. Bf3 b5 13. g4 b4 14. Nd5 Nxd5 15.
exd5 Na5 16. Nxa5 Qxa5 17. Bd4 Bxd4+ 18. Qxd4 Bd7 19. Rf2 Rac8 20. f5 Rc7 21.
Be4 Rfc8 22. Raf1 Rc4 23. Qe3 Qc5 24. Qf3 g5 25. f6 e5 26. Qh3 Rxe4 27. Qh6
Rxg4+ 28. Kh1 Qxd5+ 29. Rf3 1-0

[Event "4NCL Online Division 2"]
[Site "online"]
[Date "2020.06.02"]
[Round "9.74"]
[White "Stepanyan, Henrik"]
[Black "Lowe, Chris"]
[Result "1-0"]
[WhiteElo "2237"]
[BlackElo "2027"]
[PlyCount "65"]
[EventDate "2020.06.02"]
[WhiteTeam "Wood Green Youth"]
[BlackTeam "Exeter Honey Badgers"]

1. d4 Nf6 2. c4 e5 3. dxe5 Ne4 4. a3 d6 5. Qc2 Nc5 6. b4 Ne6 7. exd6 Bxd6 8.
Bb2 O-O 9. Nf3 Nc6 10. e3 a5 11. b5 Ne7 12. Bd3 f5 13. Nc3 Qe8 14. O-O b6 15.
Nd5 Nxd5 16. cxd5 Nc5 17. Bd4 Nxd3 18. Qxd3 Qh5 19. Be5 Bxe5 20. Nxe5 f4 21.
exf4 Rxf4 22. Rae1 Bf5 23. Qc3 Rh4 24. Nf3 Rg4 25. g3 Rf8 26. Ne5 Re4 27. Qxc7
Rxe1 28. Rxe1 Bh3 29. d6 Qf5 30. Qxb6 Qe6 31. Qc5 Rc8 32. d7 Rd8 33. b6 1-0

[Event "4NCL Online Division 2"]
[Site "online"]
[Date "2020.06.02"]
[Round "9.81"]
[White "Whyte, Brian G"]
[Black "Collopy, Robert"]
[Result "1-0"]
[WhiteElo "2048"]
[BlackElo "2012"]
[PlyCount "43"]
[EventDate "2020.06.02"]
[WhiteTeam "Higgie's Heroes"]
[BlackTeam "St Albans 1"]

1. Nf3 c5 2. c4 g6 3. Nc3 Bg7 4. d4 cxd4 5. Nxd4 Nf6 6. e4 d6 7. Be2 O-O 8. O-O
a6 9. Be3 Qc7 10. f3 Bd7 11. Rc1 e6 12. Qd2 Rd8 13. Rfd1 Nc6 14. Nd5 exd5 15.
cxd5 Qa5 16. dxc6 Qxd2 17. Rxd2 Rac8 18. Rdc2 Bxc6 19. Nxc6 Rxc6 20. Rxc6 bxc6
21. Rxc6 d5 22. Bg5 1-0

[Event "4NCL Online Division 2"]
[Site "online"]
[Date "2020.06.02"]
[Round "9.82"]
[White "Fraser-Mitchell, Jeremy N"]
[Black "Taylor, Robert K"]
[Result "1-0"]
[WhiteElo "2058"]
[BlackElo "2005"]
[PlyCount "59"]
[EventDate "2020.06.02"]
[WhiteTeam "St Albans 1"]
[BlackTeam "Higgie's Heroes"]

1. f4 e5 2. fxe5 d6 3. exd6 Bxd6 4. Nf3 g5 5. g3 g4 6. Nh4 Nc6 7. Nc3 Nge7 8.
Ne4 Be5 9. c3 f5 10. Nf2 Qd7 11. d4 Bf6 12. Ng2 O-O 13. Qd3 Re8 14. Bd2 a5 15.
Nf4 b6 16. Qc4+ Kh8 17. Qf7 Bg7 18. Nh5 Ng8 19. Qxg7+ Qxg7 20. Nxg7 Kxg7 21.
O-O-O Bd7 22. Re1 Nce7 23. Bg2 Rab8 24. e4 fxe4 25. Nxe4 Be6 26. b3 Ng6 27.
Rhf1 h6 28. c4 Rbd8 29. Bc3 Bc8 30. d5+ 1-0

[Event "4NCL Online Division 2"]
[Site "online"]
[Date "2020.06.02"]
[Round "9.83"]
[White "McMahon, Timothy P"]
[Black "Ellis, Aidan B"]
[Result "1-0"]
[WhiteElo "1937"]
[BlackElo "1967"]
[PlyCount "101"]
[EventDate "2020.06.02"]
[WhiteTeam "Higgie's Heroes"]
[BlackTeam "St Albans 1"]

1. e4 c5 2. Nc3 Nc6 3. Bb5 Nd4 4. Bc4 e6 5. Nge2 Ne7 6. d3 Nec6 7. O-O a6 8.
Nxd4 Nxd4 9. Be3 b5 10. Bb3 Nxb3 11. axb3 Bb7 12. f4 Be7 13. f5 O-O 14. Qg4 Rc8
15. Bh6 g6 16. fxg6 fxg6 17. Bxf8 Bxf8 18. Rf3 Bg7 19. Raf1 Qe7 20. Kh1 Rf8 21.
Rxf8+ Bxf8 22. Qf4 d6 23. Nd1 Bg7 24. c3 Be5 25. Qf2 Qg7 26. Ne3 h5 27. Nc2 Qe7
28. d4 cxd4 29. cxd4 Bg7 30. Qe3 Qh4 31. Rf4 Qd8 32. Rf2 Qh4 33. Re2 Kh7 34.
Qf3 Kg8 35. Qg3 Qf6 36. Rf2 Qe7 37. Qxg6 h4 38. h3 Bc6 39. Ne3 Be8 40. Qg4 Kh8
41. Qf3 Kh7 42. d5 Bg6 43. dxe6 Qxe6 44. Nf5 Bf6 45. Qf4 Bxf5 46. Qxf5+ Qxf5
47. Rxf5 Kg6 48. Rf2 Bd4 49. Rd2 Bc5 50. Kh2 Kg5 51. g3 1-0

[Event "4NCL Online Division 2"]
[Site "online"]
[Date "2020.06.02"]
[Round "9.84"]
[White "Freeman, Jon A"]
[Black "Lovatt, Peter G"]
[Result "0-1"]
[WhiteElo "1945"]
[BlackElo "1787"]
[PlyCount "49"]
[EventDate "2020.06.02"]
[WhiteTeam "St Albans 1"]
[BlackTeam "Higgie's Heroes"]

1. c4 e5 2. g3 Bc5 3. Bg2 Nf6 4. Nc3 O-O 5. e3 Re8 6. Nge2 a5 7. O-O Nc6 8. d4
exd4 9. exd4 Ba7 10. Bg5 h6 11. Bxf6 Qxf6 12. Nd5 Qd8 13. a3 d6 14. h3 Bf5 15.
b4 Qd7 16. b5 Nd8 17. g4 Bh7 18. Ng3 c6 19. bxc6 bxc6 20. Nf4 Rb8 21. Qd2 Bb6
22. Rfe1 Ne6 23. Nxe6 Rxe6 24. d5 cxd5 25. Bxd5 0-1

[Event "4NCL Online Division 2"]
[Site "online"]
[Date "2020.06.02"]
[Round "9.91"]
[White "Foord, Dominic"]
[Black "Tanmay Chopra"]
[Result "1-0"]
[WhiteElo "2267"]
[BlackElo "2273"]
[PlyCount "75"]
[EventDate "2020.06.02"]
[WhiteTeam "Liverpool"]
[BlackTeam "Harrow 1"]

1. d4 Nf6 2. c4 e6 3. g3 d5 4. Nf3 dxc4 5. Bg2 a6 6. O-O Nc6 7. b3 cxb3 8. axb3
Bd6 9. Bb2 O-O 10. Ne5 Bxe5 11. dxe5 Qxd1 12. Rxd1 Nd5 13. Nc3 Rd8 14. Nxd5
exd5 15. Rxd5 Rxd5 16. Bxd5 Be6 17. Bxc6 bxc6 18. b4 Bc4 19. e3 Rd8 20. Bd4 Rb8
21. Bc5 Rd8 22. Rc1 Be2 23. Kg2 Rd2 24. Bd4 Bb5 25. g4 Kf8 26. Kg3 Ke7 27. h4
Ke6 28. f4 g6 29. h5 Ra2 30. hxg6 hxg6 31. e4 Rd2 32. f5+ Kd7 33. e6+ fxe6 34.
fxg6 Ke7 35. Bc3 Rd8 36. Kf4 Rg8 37. Kg5 Bd3 38. Rd1 1-0

[Event "4NCL Online Division 2"]
[Site "online"]
[Date "2020.06.02"]
[Round "9.92"]
[White "Nettleton, Charlie B"]
[Black "Rodrigo Yanguas, Maria"]
[Result "1/2-1/2"]
[WhiteElo "2125"]
[BlackElo "2230"]
[PlyCount "47"]
[EventDate "2020.06.02"]
[WhiteTeam "Harrow 1"]
[BlackTeam "Liverpool"]

1. d4 Nf6 2. Bg5 e6 3. e4 c5 4. d5 Qa5+ 5. Bd2 Qb6 6. Nc3 exd5 7. exd5 d6 8.
Bb5+ Nbd7 9. a4 a6 10. a5 Qd8 11. Bc4 b5 12. axb6 Nxb6 13. Qe2+ Be7 14. Nf3 O-O
15. h3 Re8 16. O-O Bf8 17. Qd3 g6 18. Rfe1 Rxe1+ 19. Nxe1 Bf5 20. Qe2 Bg7 21.
Rxa6 Rxa6 22. Bxa6 Nbxd5 23. Nxd5 Nxd5 24. Bd3 1/2-1/2

[Event "4NCL Online Division 2"]
[Site "online"]
[Date "2020.06.02"]
[Round "9.93"]
[White "Tian Yi, Wang"]
[Black "Coles, Steven F"]
[Result "1-0"]
[WhiteElo "2192"]
[BlackElo "2080"]
[PlyCount "85"]
[EventDate "2020.06.02"]
[WhiteTeam "Liverpool"]
[BlackTeam "Harrow 1"]

1. Nf3 d5 2. g3 c6 3. Bg2 Bf5 4. O-O Nf6 5. d3 e6 6. Bf4 Bd6 7. Bxd6 Qxd6 8. c4
Nbd7 9. Nbd2 O-O 10. a3 a5 11. b3 h6 12. Re1 e5 13. e4 Bh7 14. cxd5 cxd5 15.
exd5 Bxd3 16. Nc4 Bxc4 17. bxc4 Rfe8 18. Nd2 Nc5 19. Qc2 Rac8 20. Rab1 Re7 21.
Rb5 a4 22. Reb1 e4 23. Bh3 Rce8 24. Rb6 Qe5 25. d6 e3 26. dxe7 exd2 27. Qxd2
Rxe7 28. R6b5 Qh5 29. Bg2 Re2 30. Qd8+ Re8 31. Qd4 b6 32. Rxb6 Nb3 33. Qc3 Qf5
34. Re1 Ne4 35. Bxe4 Rxe4 36. Rxe4 Qxe4 37. Rb8+ Kh7 38. Rd8 Qb1+ 39. Kg2 Qe4+
40. Qf3 Qxc4 41. Qd3+ Qxd3 42. Rxd3 Kg6 43. Rc3 1-0

[Event "4NCL Online Division 2"]
[Site "online"]
[Date "2020.06.02"]
[Round "9.94"]
[White "Chan, Nevil"]
[Black "Hardman, Michael J"]
[Result "1-0"]
[WhiteElo "2042"]
[BlackElo "2042"]
[PlyCount "121"]
[EventDate "2020.06.02"]
[WhiteTeam "Harrow 1"]
[BlackTeam "Liverpool"]

1. d4 Nf6 2. Nc3 d6 3. e4 e5 4. dxe5 dxe5 5. Qxd8+ Kxd8 6. Bc4 Be6 7. Bxe6 fxe6
8. f3 Bd6 9. Be3 Ke7 10. Nb5 Nc6 11. O-O-O a6 12. Nxd6 cxd6 13. Ne2 b5 14. Rd2
Na5 15. b3 Rhc8 16. Kb2 Rc6 17. Nc1 Nb7 18. Nd3 a5 19. c3 Rac8 20. Rc1 h6 21.
Rdc2 g5 22. c4 bxc4 23. Rxc4 Kd7 24. Ka3 Rxc4 25. Rxc4 Rxc4 26. bxc4 Kc6 27.
Ka4 Nd7 28. h4 gxh4 29. Bxh6 Ndc5+ 30. Nxc5 Kxc5 31. Bg5 Kxc4 32. Bxh4 d5 33.
exd5 exd5 34. g4 d4 35. g5 d3 36. Be1 Kd4 37. g6 Nc5+ 38. Kxa5 Ne6 39. Bd2 e4
40. fxe4 Kxe4 41. Kb6 Kf5 42. a4 Kxg6 43. a5 Nd4 44. a6 Nb3 45. a7 Nxd2 46.
a8=Q Nc4+ 47. Kc5 Ne5 48. Qe4+ Kf6 49. Kd5 Ng6 50. Qf3+ Kg5 51. Ke4 Kh4 52.
Qxd3 Kg5 53. Qd5+ Kh6 54. Qd6 Kg5 55. Qd8+ Kg4 56. Qf6 Nh4 57. Qg7+ Kh5 58. Kf4
Ng6+ 59. Kf5 Nh4+ 60. Kf6 Nf3 61. Qg3 1-0

[Event "4NCL Online Division 2"]
[Site "online"]
[Date "2020.06.02"]
[Round "9.101"]
[White "Gardner, James"]
[Black "Keane, Graham D J"]
[Result "1-0"]
[WhiteElo "2132"]
[BlackElo "2161"]
[PlyCount "129"]
[EventDate "2020.06.02"]
[WhiteTeam "MK Phoenix 1"]
[BlackTeam "Streatham A"]

1. d4 d6 2. Bf4 g6 3. e4 Nf6 4. Nc3 c6 5. Qd2 Nbd7 6. Nf3 Bg7 7. O-O-O Qa5 8.
Kb1 O-O 9. Bh6 b5 10. Bxg7 Kxg7 11. Qf4 b4 12. Ne2 e5 13. Qh4 Nb6 14. dxe5 dxe5
15. Nc1 Na4 16. Nb3 Qc7 17. Nfd2 Be6 18. Bc4 Qe7 19. f3 Rfd8 20. Qg5 Bc8 21.
Qe3 Nb6 22. Na5 Bb7 23. Ndb3 Nxc4 24. Nxc4 Ba6 25. Nca5 Bb5 26. Nc5 Nd7 27.
Ncb7 Rdb8 28. Nd6 Rb6 29. Rd2 Nf8 30. h4 Rd8 31. Rhd1 Ne6 32. h5 c5 33. Nac4
Bxc4 34. Nxc4 Rxd2 35. Rxd2 Ra6 36. Nxe5 Nd4 37. h6+ Kg8 38. Nc4 Qe6 39. Qd3
Qd7 40. b3 Qe7 41. Nb2 Rd6 42. Nc4 Rd8 43. c3 bxc3 44. Qxc3 Qg5 45. Ne3 Qxh6
46. Nd5 Qh1+ 47. Kb2 Qh4 48. Qxc5 Ne6 49. Ne7+ Kg7 50. Rxd8 Nxd8 51. Qd4+ Qf6
52. Kc3 Ne6 53. Qxf6+ Kxf6 54. Nc6 a6 55. b4 h5 56. a4 Nc7 57. Kc4 h4 58. Kc5
Kg5 59. Ne5 Kf4 60. Nxf7 Kg3 61. Ne5 Kxg2 62. Nxg6 h3 63. Nf4+ Kg3 64. Nxh3
Kxh3 65. Kb6 1-0

[Event "4NCL Online Division 2"]
[Site "online"]
[Date "2020.06.02"]
[Round "9.102"]
[White "Hodgson, John H"]
[Black "Brown, Alan M"]
[Result "1-0"]
[WhiteElo "2117"]
[BlackElo "2008"]
[PlyCount "57"]
[EventDate "2020.06.02"]
[WhiteTeam "Streatham A"]
[BlackTeam "MK Phoenix 1"]

1. e4 e6 2. d4 d5 3. Nd2 Nf6 4. e5 Nfd7 5. c3 c5 6. Bd3 b6 7. Nh3 Ba6 8. Bxa6
Nxa6 9. O-O Be7 10. Qg4 g6 11. Nf3 Nc7 12. Bh6 Bf8 13. Bxf8 Rxf8 14. Nf4 Qe7
15. h4 O-O-O 16. Qg3 f6 17. Nd3 Rf7 18. exf6 Rxf6 19. Nde5 Nxe5 20. Nxe5 Kb7
21. Qe3 Rdf8 22. g3 Ne8 23. dxc5 bxc5 24. b4 cxb4 25. Rab1 Nd6 26. Rxb4+ Ka8
27. Rfb1 Nc4 28. Rxc4 dxc4 29. Qe4+ 1-0

[Event "4NCL Online Division 2"]
[Site "online"]
[Date "2020.06.02"]
[Round "9.103"]
[White "Cox, Toby"]
[Black "Horton, Justin"]
[Result "1/2-1/2"]
[WhiteElo "2020"]
[BlackElo "2058"]
[PlyCount "115"]
[EventDate "2020.06.02"]
[WhiteTeam "MK Phoenix 1"]
[BlackTeam "Streatham A"]

1. e4 e5 2. f4 d5 3. exd5 exf4 4. Nf3 Nf6 5. Bb5+ c6 6. dxc6 Nxc6 7. d4 Bd6 8.
Qe2+ Be6 9. Ng5 O-O 10. Bxc6 bxc6 11. Nxe6 fxe6 12. O-O Qc7 13. Nc3 Rae8 14.
Bd2 e5 15. Qc4+ Kh8 16. dxe5 Bxe5 17. Bxf4 Qb6+ 18. Kh1 Qxb2 19. Bxe5 Rxe5 20.
Qxc6 Qxc2 21. Rac1 Qd3 22. Rcd1 Qe3 23. Nd5 Qe2 24. Nxf6 gxf6 25. Qd6 Rf7 26.
h3 Rg5 27. Qc6 Kg7 28. a3 Rg3 29. Rfe1 Qf2 30. Rf1 Qe2 31. Rfe1 Qf2 32. a4 Qb6
33. Qa8 Qb7 34. Re8 Qxa8 35. Rxa8 Ra3 36. Rd4 f5 37. Rad8 Re3 38. Kg1 Ree7 39.
Kf2 Rc7 40. Kf3 Rc3+ 41. Kf4 Rc2 42. Rd2 Rc4+ 43. R8d4 Rc5 44. Rd7 Ra5 45. R2d4
Rxd7 46. Rxd7+ Kg6 47. Rd6+ Kg7 48. Rd4 Kg6 49. h4 h6 50. g3 Kh5 51. Rc4 Kg6
52. Rb4 Kf6 53. h5 Ke6 54. Rd4 Ke7 55. Rb4 Ke6 56. Rd4 Ke7 57. Ke3 Ke6 58. Kf4
1/2-1/2

[Event "4NCL Online Division 2"]
[Site "online"]
[Date "2020.06.02"]
[Round "9.104"]
[White "Hylands, Liam M"]
[Black "Hunt, Peter"]
[Result "1-0"]
[WhiteElo "1912"]
[BlackElo "2020"]
[PlyCount "30"]
[EventDate "2020.06.02"]
[WhiteTeam "Streatham A"]
[BlackTeam "MK Phoenix 1"]

1. e4 d6 2. d4 Nf6 3. Nc3 g6 4. Bg5 Bg7 5. Qd2 Nbd7 6. Bh6 O-O 7. Bxg7 Kxg7 8.
O-O-O e5 9. Nf3 exd4 10. Nxd4 Nc5 11. f3 a6 12. g4 b5 13. h4 Bb7 14. h5 Ng8 15.
hxg6 fxg6 1-0

[Event "4NCL Online Division 2"]
[Site "online"]
[Date "2020.06.02"]
[Round "9.111"]
[White "Villiers, Thomas"]
[Black "John, Joshua"]
[Result "1-0"]
[WhiteElo "2252"]
[BlackElo "2042"]
[PlyCount "95"]
[EventDate "2020.06.02"]
[WhiteTeam "Mushrooms 1"]
[BlackTeam "CSC 2"]

1. e4 c5 2. Nc3 Nc6 3. f4 e6 4. Nf3 Nge7 5. d4 cxd4 6. Nxd4 a6 7. Be3 g6 8. e5
d6 9. Ne4 Nd5 10. Qf3 Be7 11. Nxc6 bxc6 12. exd6 Bxd6 13. O-O-O Bb4 14. c4 Qc7
15. Bd4 O-O 16. cxd5 cxd5+ 17. Nc3 a5 18. h4 a4 19. h5 a3 20. b3 Bc5 21. Be5
Bd6 22. hxg6 fxg6 23. Bxd6 Qxd6 24. g3 Bb7 25. Kb1 Rac8 26. Bh3 Rf7 27. Rhe1
Re7 28. Nxd5 exd5 29. Rxe7 Qxe7 30. Bxc8 Bxc8 31. Qxd5+ Be6 32. Qd8+ Kf7 33.
Qxe7+ Kxe7 34. b4 Bc4 35. Rd4 Bb5 36. Kc2 h6 37. Kb3 Ke6 38. Kxa3 g5 39. fxg5
hxg5 40. Kb3 Ke5 41. Kc3 Bc6 42. Kc4 Be8 43. Kc5 Ba4 44. b5 Bxb5 45. Rd5+ Ke6
46. Rxg5 Bd3 47. a4 Kd7 48. Rd5+ 1-0

[Event "4NCL Online Division 2"]
[Site "online"]
[Date "2020.06.02"]
[Round "9.112"]
[White "Fink-Nunn, Petra"]
[Black "Wilson, David Jn"]
[Result "1-0"]
[WhiteElo "1966"]
[BlackElo "2050"]
[PlyCount "105"]
[EventDate "2020.06.02"]
[WhiteTeam "CSC 2"]
[BlackTeam "Mushrooms 1"]

1. e4 c5 2. Nf3 g6 3. d4 cxd4 4. Nxd4 Bg7 5. c4 Nc6 6. Be3 d6 7. Nc3 Nf6 8. Be2
O-O 9. O-O Bd7 10. Qd2 Ng4 11. Bxg4 Bxg4 12. f3 Bd7 13. Rfd1 Re8 14. Rac1 Rc8
15. Nxc6 bxc6 16. c5 Be6 17. cxd6 exd6 18. Qxd6 Qa5 19. Qc5 Qxc5 20. Bxc5 a6
21. Be3 Red8 22. a3 Bb3 23. Rxd8+ Rxd8 24. Kf2 h5 25. f4 c5 26. e5 c4 27. Ne4
Rb8 28. Bd4 Rd8 29. Ke3 Bh6 30. g3 h4 31. Nd2 hxg3 32. hxg3 g5 33. Nxb3 gxf4+
34. gxf4 cxb3 35. Rc4 a5 36. Bb6 Rd5 37. Rc5 Rxc5 38. Bxc5 a4 39. Ke4 Kg7 40.
Be3 Kg8 41. Kd4 Kf8 42. Kc4 Ke7 43. Kb5 Ke6 44. Kxa4 Kd5 45. Kxb3 Ke4 46. Bd2
Kd3 47. Bc1 Bf8 48. a4 Bc5 49. a5 Bd4 50. a6 Bc5 51. f5 Ke4 52. e6 fxe6 53.
fxe6 1-0

[Event "4NCL Online Division 2"]
[Site "online"]
[Date "2020.06.02"]
[Round "9.113"]
[White "Linton, William A"]
[Black "Lawson, Maurice E"]
[Result "1/2-1/2"]
[WhiteElo "2027"]
[BlackElo "1983"]
[PlyCount "146"]
[EventDate "2020.06.02"]
[WhiteTeam "Mushrooms 1"]
[BlackTeam "CSC 2"]

1. e4 c6 2. d4 d5 3. exd5 cxd5 4. Bd3 Nc6 5. c3 Qc7 6. Ne2 Bg4 7. h3 Bh5 8. Qb3
Bxe2 9. Bxe2 Nxd4 10. Qxd5 Rd8 11. Bb5+ Nxb5 12. Qxb5+ Rd7 13. O-O e6 14. Be3
a6 15. Qa4 Nf6 16. Nd2 Be7 17. Nf3 O-O 18. Rfd1 Rfd8 19. Rxd7 Qxd7 20. Qxd7
Rxd7 21. Kf1 Nd5 22. Bd2 f6 23. Ke2 Kf7 24. Nd4 Bc5 25. Nc2 Ne7 26. Be3 Bxe3
27. Nxe3 Nc8 28. c4 b6 29. b4 Ke7 30. Rc1 Rc7 31. Rc2 Kd6 32. a4 a5 33. bxa5
bxa5 34. Rb2 Na7 35. Rb6+ Kc5 36. Rxe6 Nc6 37. Re8 Rb7 38. Rc8 Rb2+ 39. Kf3 Rb4
40. Rc7 g6 41. Rxh7 Rxa4 42. Ke4 Rb4 43. Rh8 Rb8 44. Rxb8 Nxb8 45. Kd3 a4 46.
Kc3 Nd7 47. h4 Ne5 48. g4 a3 49. h5 gxh5 50. gxh5 Nf7 51. Kb3 f5 52. Nxf5 a2
53. Kxa2 Kxc4 54. Kb2 Kd5 55. Ng3 Ke5 56. Kc3 Kf4 57. Kd2 Kf3 58. Ke1 Nh6 59.
Kf1 Ng4 60. Nf5 Kf4 61. h6 Nf6 62. Ne7 Kg5 63. Ng8 Nh7 64. Kg2 Kg6 65. Kg3 Kf7
66. Kg4 Kxg8 67. Kf5 Kf7 68. f4 Nf6 69. Kg5 Nh7+ 70. Kf5 Nf6 71. Ke5 Nh7 72. f5
Nf6 73. Kf4 Nh7 1/2-1/2